000 00902nam a2200265 i 4500
001 bg
100 1 _aATKIN, Jacqui
245 1 0 _aPodstawy ceramiki :
_bwszystko, co trzeba wiedzieć, by zacząć tworzyć piękną ceramikę /
_cJacqui Atkin ; [tł. Krzysztof Wojciechowski].
246 _iTyt. oryg.:
_aPottery basics
260 _aWarszawa :
_bWydawnictwo "Arkady",
_c2007.
300 _a128 s, :
_bfot. kolor. ;
_c28 cm.
500 _aTyt. oryg.: "Pottery basics".
504 _aIndeks.
650 9 _aCeramika artystyczna
_xtechnika
655 _aWydawnictwa popularne
700 1 _aWOJCIECHOWSKI, Krzysztof
020 _a832134464X
040 _cBPK
041 1 _apol
_heng
080 _a738.02(02.025.2)
920 _a83-213-4464-X
942 _cKS
008 s pl f |000 0 pol
999 _c53392
_d53392
856 _uhttp://koha.tu.koszalin.pl/cgi-bin/koha/opac-detail.pl?biblionumber=53392
_yKatalog online BPK